<The> Impact of FDI Inflow on Employment in V4 Countries
Dopad prílevu priamych zahraničných investícií na zamestnanosť v krajinách V4. Nemožno potvrdiť pozitívny vplyv PZI na zamestnanosť.
Salvato in:
| Autore principale: | |
|---|---|
| Altri autori: | |
| Natura: | Capitolo di libro |
| Lingua: | inglese |
| Soggetti: | |
| Tags: |
Nessun Tag, puoi essere il primo ad aggiungerne!!
|
MARC
| LEADER | 00000nla a2200000 4500 | ||
|---|---|---|---|
| 001 | 0185107 | ||
| 005 | 20240502083436.9 | ||
| 041 | 0 | |a eng | |
| 044 | |a PT | ||
| 245 | 1 | 0 | |a <The> Impact of FDI Inflow on Employment in V4 Countries |c Zuzana Brinčíková, Ľubomír Darmo |
| 520 | |a Dopad prílevu priamych zahraničných investícií na zamestnanosť v krajinách V4. Nemožno potvrdiť pozitívny vplyv PZI na zamestnanosť. | ||
| 610 | 2 | 0 | |a investície priame zahraničné |
| 610 | 2 | 0 | |a zamestnanosť |
| 610 | 2 | 0 | |a Vyšehradská štvorka |
| 100 | 1 | |a Brinčíková, Zuzana, 1979- | |
| 700 | 1 | |a Darmo, Ľubomír, 1984- | |